| 000 | 00449nam a2200181Ia 4500 | ||
|---|---|---|---|
| 005 | 20250423095729.0 | ||
| 008 | 250422s9999 xx 000 0 und d | ||
| 020 | _a0669500216 | ||
| 050 | _aPR 9387 .S43/ | ||
| 100 | _aSebranek, Pat | ||
| 245 | 0 | _aInside writing skills : instruction and practice | |
| 260 | _aWilmington | ||
| 260 | _bGreat Source Education Group | ||
| 260 | _c2003 | ||
| 300 | _a186 p | ||
| 650 | _aEnglish | ||
| 942 | _cBK | ||
| 999 |
_c31157 _d31157 |
||